| 000 | 00429nam a2200145Ia 4500 | ||
|---|---|---|---|
| 008 | 100204s9999 xx 000 0 und d | ||
| 082 | _b21948 | ||
| 100 | _aED. ROBERT O ZELENY | ||
| 245 | _a"THE WORLD BOOK ENCYCLOPEDIA H "" - 9""" | ||
| 260 |
_b"WWORLD BOOK INC, CHICAGO" _c1988 |
||
| 300 | _a466 | ||
| 630 | _a"THE WORLD BOOK ENCYCLOPEDIA H "" - 9""" | ||
| 730 | _a"THE WORLD BOOK ENCYCLOPEDIA H "" - 9""" | ||
| 942 | _cBOOK | ||
| 999 |
_c467060 _d467057 |
||